Stolice Najludniejszych Państw - Statystyki

Ogólne statystyki
  • Ten quiz został rozwiązany 923 razy
    17 od ostatniego zresetowania
  • Średni wynik to 19 z 30
Statystyki odpowiedzi
Nazwa Państwa Stolica % Poprawnych
Chiny Pekin
100%
Indie Nowe Delhi
94%
Stany Zjednoczone Waszyngton
94%
Niemcy Berlin
82%
Brazylia Brasilia
82%
Wielka Brytania Londyn
82%
Meksyk Meksyk
82%
Rosja Moskwa
82%
Turcja Ankara
76%
Indonezja Dżakarta
76%
Egipt Kair
76%
Francja Paryż
76%
Włochy Rzym
76%
Japonia Tokio
76%
Filipiny Manila
71%
Wietnam Hanoi
65%
Republika PołudniowejAfryki Kapsztad
65%
Iran Teheran
65%
Kolumbia Bogota
59%
Tajlandia Bangkok
53%
Pakistan Islamabad
53%
DemokratycznaRepublika Konga Kinszasa
53%
Kenia Nairobi
53%
Sudan Chartum
41%
Bangladesz Dhaka
41%
Nigeria Abudża
35%
Etiopia Addis Abeba
35%
Uganda Kampala
24%
Tanzania Dodoma
12%
Mjanma (Birma) Naypyidaw
6%
Nie znaleziono quizów pasujących do podanych kryteriów
Rozkład punktacji
Procent ludzi z każdym wynikiem
Percentyl według liczby udzielonych odpowiedzi
Twoja historia wyników
Nie rozwiązałeś tego quizu od ostatniego zresetowania